000 01633nam a22003017a 4500
005 20120119114441.0
008 120119t xxu||||| |||| 00| 0 eng d
010 _aENG-104780
020 _a9788132107088
_c895.00
035 _aEN-88313
037 _bDBAD/PUB
040 _aDPL
_bEng
082 0 0 _a338.95407
_223
245 0 0 _aState of India's livelihoods report 2011 /
_cedited by Sankar Datta, Orlanda Ruthven [and] Vipin Sharma
260 _aNew Delhi
_bSAGE Publications
_c2012
270 _aB1/I-1 Mohan Cooperative Industrial Area , Mathura Road
_bNew Delhi
_e110044
300 _axix,152p. :
_bill.
_c27cm(pbk)
500 _aIncludes bibliographical references.
505 0 _aList of tables -- List of figures -- List of boxes -- List of abbreviations -- Preface -- Acknowledgements -- State of India's livelihoods 2011 : a time of volatility -- Livelihoods of the poor -- Reflections on livelihoods policies -- State as the largest livelihoods promoter -- Private industry and services : what is "India Inc." delivering in employment to the poor? -- Potential and possibilities -- About the editors and contributors.
651 0 _aSustainable development
_zIndia.
_939651
651 0 _aSustainable development reporting
_zIndia.
_939652
700 1 _aDatta, Sankar
_939653
700 1 _aRuthven, Orlanda
_939654
700 1 _aSharma, Vipin
_939655
942 _2ddc
_cEN
_h338.95407
_mSTA
999 _c61187
_d61187